000 00630nam a2200193Ia 4500
003 IN-BaIIA
008 211028s9999 xx 000 0 eng d
040 _cIIA Library
080 _a517.94
_bLUC
100 _aLuchka, Anton Yur'yevich
_95167
245 4 _aThe method of averaging functional corrections
_btheory and applications
_cAnton Yur'yevich Luchka
260 _aNew York
_bAcademic Press
_c1965
300 _axvii, 136p.
490 _aAcademic paperbacks series
650 _aAnalysis-Mathematics
_91722
650 _aFunctional Analysis
_93259
650 _aNASA Thesaurus
942 _cBK
999 _c2893
_d2893